15. celoslovenský seminár o propagácii pre pracovníkov Jednôt SD zborník prednášok

Gespeichert in:
Bibliographische Detailangaben
Format: Buch
Sprache:Slowakisch
Veröffentlicht: Banská Bystrica Dom techniky ČSVTS 1988
Tags: Tag hinzufügen
Keine Tags, Fügen Sie das erste Tag hinzu!

MARC

LEADER 00000nam a2200000 4500
001 c033081
005 20260303115236.2
041 0 |a slo 
044 |a SK 
245 1 0 |a 15. celoslovenský seminár o propagácii pre pracovníkov Jednôt SD  |b zborník prednášok 
264 1 |a Banská Bystrica  |b Dom techniky ČSVTS  |c 1988 
300 |a 80 s.